Indian Wells Open Men's Tennis Champions - Statistics

General Stats
  • This quiz has been taken 85 times
  • The average score is 22 of 57
Answer Stats
Answer % Correct
Novak Djokovic
100%
Rafael Nadal
98%
Roger Federer
98%
Carlos Alcaraz
97%
Daniil Medvedev
90%
Andy Murray
85%
Pete Sampras
85%
Andre Agassi
82%
Juan Martín del Potro
82%
Dominic Thiem
80%
Stan Wawrinka
77%
Andy Roddick
75%
Taylor Fritz
73%
Boris Becker
72%
Ivan Lendl
67%
Lleyton Hewitt
62%
Stefan Edberg
60%
Cameron Norrie
58%
Jimmy Connors
58%
Michael Chang
53%
Carlos Moyá
52%
John Isner
48%
Gustavo Kuerten
47%
Jim Courier
47%
Arthur Ashe
38%
Guillermo Vilas
37%
Ivan Ljubičić
37%
Milos Raonic
33%
Ilie Năstase
32%
John Newcombe
30%
Yannick Noah
30%
Marcelo Ríos
28%
Àlex Corretja
23%
James Blake
23%
Mark Philippoussis
22%
Mardy Fish
20%
Petr Korda
17%
Tim Henman
15%
Roscoe Tanner
12%
Thomas Enqvist
12%
Miloslav Mečíř
8%
Nikoloz Basilashvili
8%
Greg Rusedski
7%
Brian Gottfried
3%
Eliot Teltscher
3%
John Alexander
3%
José Higueras
3%
Raúl Ramírez
3%
Wayne Ferreira
3%
Andrei Chesnokov
2%
Bohdan Ulihrach
2%
David Pate
2%
Emilio Sánchez
2%
Guy Forget
2%
Joakim Nyström
2%
Larry Stefanki
2%
Paul Haarhuis
2%
No matching quizzes found
Score Distribution
Percent of People with Each Score
Percentile by Number Answered
Your Score History
You have not taken this quiz